00949nam a2200205Ia 450000500170000000800410001702000150005805000220007310000450009524500730014026000350021330000240024833600100027233700140028233800120029650000410030850400420034950502860039165000660067720231102151118.0120626s2007 mx 000 0 spa d a970077167914aKGF1789bM35 20071 aMendizábal Bermúdez, Gabrielaeautor12aLa seguridad social en Méxicoc / Gabriela Mendizábal Bermúdez aMéxicob : Porrúac , 2007 axxvi, 476 páginas atexto asin medio avolumen aIncluye: Legislación (pp. 467-469) aIncluye: Bibliografía (pp. 463-467) aSeguridad social y derecho Organismos de seguridad social Derecho del seguro social Las prestaciones especiales de los seguros sociales Los recursos administrativos en los seguros sociales La nueva ley del Instituto de Seguridad y Servicios Sociales de los Trabajadores del Estado  aDERECHO - LABORAL - MÉXICO \ SEGURIDAD SOCIAL - MÉXICO